Music Quiz

Random Music or This or That Quiz

Song Titles: Good and Bad Quiz Stats

 Plays Quiz Updated Jan 22, 2019

Support Sporcle.
Go Orange.
Score 0/20 Timer 02:00
0 Plays Today
Question Answer Wrong Answers
Take __ Care of My Baby
(Bobby Vee, 1961)
Good
96.4%
Bad
0.8%
__ Blood
(Taylor Swift, 2015)
Bad
95.6%
Good
1.6%
__ Vibrations
(The Beach Boys, 1966)
Good
95%
Bad
2.2%
You Give Love a __ Name
(Bon Jovi, 1986)
Bad
94.1%
Good
3%
__ Day Sunshine
(The Beatles, 1966)
Good
94%
Bad
3.2%
Better Be __ to Me
(Tina Turner, 1984)
Good
93.8%
Bad
3.4%
Only The __ Die Young
(Billy Joel, 1977)
Good
93.7%
Bad
3.4%
__ Romance
(Lady Gaga, 2009)
Bad
91.6%
Good
5.6%
__ Boys
(Inner Circle, 1993)
Bad
91%
Good
6.2%
One __ Apple
(The Osmonds, 1971)
Bad
90.2%
Good
7.1%
Tell Me Something __
(Rufus, 1974)
Good
89.9%
Bad
7.3%
It Was A Very __ Year
(Frank Sinatra, 1966)
Good
88.6%
Bad
8.5%
__, __ Leroy Brown
(Jim Croce, 1973)
Bad
87.7%
Good
9.4%
Baby Did a __ __ Thing
(Chris Isaak, 1996)
Bad
87.5%
Good
9.7%
__ Moon Rising
(Creedence Clearwater Revival, 1969)
Bad
86.6%
Good
10.6%
__ Time Charlie's Got the Blues
(Danny O'Keefe, 1972)
Good
82.9%
Bad
14.3%
__ Feeling
(Flo Rida, 2011)
Good
70%
Bad
27.3%
__ Girls
(Donna Summer, 1979)
Bad
69.7%
Good
27.7%
Hurts So __
(John Mellencamp, 1982)
Good
65.5%
Bad
31.9%
__ Day
(Daniel Powter, 2006)
Bad
59.8%
Good
37.4%

From the Vault

Figure Out the Lyrics (One-Hit Wonder)

by amyevg

Music 7m
Just when we thought we were never going to hear this song again...
Remove Ads.
Support Sporcle.
Get the best of Sporcle when you Go Orange. This ad-free experience offers more features, more stats, and more fun while also helping to support Sporcle. Thank you for becoming a member.

Show Comments

Extras

Top Quizzes Today


Score Distribution

Your Account Isn't Verified!

In order to create a playlist on Sporcle, you need to verify the email address you used during registration. Go to your Sporcle Settings to finish the process.

Report this User

Report this user for behavior that violates our Community Guidelines.

Details: